[Event "TUR-ch (Women)"]
[Site "Ankara"]
[Date "2020.03.06"]
[Round "7"]
[White "Ozyavuz, Bengisu"]
[Black "Guvenc, Hilal"]
[Result "1-0"]
[WhiteElo "1343"]
[BlackElo "1185"]
[PlyCount "109"]
[EventDate "2020.03.02"]
[EventType "swiss"]
[EventRounds "9"]
[EventCountry "TUR"]
[SourceTitle "CBM 195 Extra"]
[Source "ChessBase"]
[SourceDate "2020.05.31"]
[SourceVersion "1"]
[SourceVersionDate "2020.05.31"]
[SourceQuality "1"]

1. d4 d5 2. Nf3 Nf6 3. e3 Bg4 4. Nbd2 e6 5. h3 Bh5 6. g4 Bg6 7. Ne5 Be4 8. f3 Bg6 9. h4 h6 10. Nxg6 fxg6 11. Bd3 Kf7 12. c3 Bd6 13. f4 g5 14. Qf3 gxf4 15. exf4 Ke7 16. f5 Rf8 17. g5 Ng8 18. Kd1 Nc6 19. Re1 Qd7 20. Qxd5 Bf4 21. Rxe6+ Kd8 22. Qb5 Rb8 23. Nf3 a6 24. Qc4 Bd6 25. d5 Na5 26. Qe4 b5 27. Ne5 Bxe5 28. Qxe5 Nb7 29. Bf4 Nc5 30. Qxc7+ Qxc7 31. Bxc7+ Kxc7 32. Rc6+ Kb7 33. Rxc5 hxg5 34. hxg5 Ne7 35. d6 Nc8 36. Rc7+ Kb6 37. Rxg7 Nxd6 38. f6 Nf7 39. Kc2 Nxg5 40. Rxg5 Rxf6 41. Rg6 Rxg6 42. Bxg6 a5 43. b4 a4 44. a3 Rf8 45. Rd1 Rf6 46. Bd3 Rf2+ 47. Rd2 Rf4 48. Re2 Rf6 49. Re5 Rf2+ 50. Kb1 Rf3 51. Rxb5+ Kc7 52. Rc5+ Kb6 53. Bc2 Rf1+ 54. Kb2 Rf2 55. Ra5 1-0